[Event "MPL National Senior Chess-ch 2022"]
[Site "Kanpur"]
[Date "2022.03.02"]
[Round "9.5"]
[White "Aryan Chopra"]
[Black "Aditya Mittal"]
[Result "1-0"]
[WhiteElo "2585"]
[BlackElo "2487"]
[Annotator "TA"]
[PlyCount "95"]
[EventDate "2022.02.25"]
[EventCountry "IND"]
[SourceTitle "playchess.com"]
[Source "ChessBase"]
[SourceQuality "1"]

{[%evp 15,95,17,22,35,31,22,22,22,35,27,24,25,39,43,27,0,0,0,7,-2,94,100,155,156,172,160,226,217,264,254,316,224,243,231,229,203,354,357,372,357,349,316,371,374,342,279,272,280,280,233,235,210,647,439,683,663,843,791,1419,1322,1879,1264,29971,11657,29988,658,650,650,674,674,652,654,707,701,1612,1517,886,697,762,733,667,658]} 1. e4 c5 2. Nf3 d6 3. d4 cxd4 4. Nxd4 Nf6 5. Nc3 a6 6. Be3 e5 7. Nb3 Be6 8. f3 h5 9. Nd5 {B90: Sicilian Najdorf: Unusual White 6th moves, 6 Be3 Ng4 and 6 Be3 e5.} Bxd5 10. exd5 g6 11. Qd2 {The position is equal.} Nbd7 12. O-O-O Nb6 13. Kb1 Nbxd5 14. Bg5 {[%cal Od2d5,Be3g5,Bg5h4,Bh4g3][%mdl 32] Hoping for Qxd5!} Be7 15. Bd3 $1 {[%mdl 4] is more profitable than 15.g3 at the moment.} Qc7 16. Rhe1 O-O {[#]} 17. g4 $146 ({Predecessor:} 17. h4 a5 18. a4 Nb6 19. Bb5 Rfd8 20. g4 hxg4 21. fxg4 d5 22. Qh2 Rac8 23. Qxe5 Qxc2+ 24. Ka2 Nc4 25. Qe2 Qe4 26. Qf1 Qc2 27. Re2 {1-0 (27) Mista,A (2567)-Guo,A (2358) Charlotte 2021}) 17... h4 (17... hxg4 $11 18. fxg4 (18. c4 Nb6 $17) 18... a5) 18. Bxh4 $16 {Black is on the road to losing.} a5 ({Black should play} 18... Nf4) 19. a4 $1 Nf4 {[%cal Of6e4]} 20. Bb5 d5 (20... Rfc8 $16 21. c3 Kg7) 21. Bg3 $1 $18 {[%cal Oe1e5] And now Rxe5! would win. This bishop pair is nice.} Nh7 22. h4 (22. Bxf4 $6 exf4 23. h4 Rfd8 $16) 22... Rfd8 23. g5 {[%cal Oe1e5] Inhibits Bf6.} Nf8 24. Bxf4 exf4 25. Rh1 d4 $2 (25... Rac8 26. c3 (26. Nxa5 Ne6 $16) 26... Qb6 27. Qxf4 Ne6) 26. h5 (26. Nxd4 Bc5 $16) 26... Rd5 27. hxg6 Nxg6 28. Qh2 ({Less strong is} 28. Nxd4 Rxg5 29. c3 (29. Qh2 Qe5 $18) 29... Bf6 $18) 28... Rxg5 29. Bd3 ({Don't play} 29. Qh7+ Kf8 30. Qh6+ (30. Nxd4 Qe5 $18) 30... Kg8 $18) 29... Bf6 30. Nd2 {[%cal Bb3d2,Bd2e4,Be4g5,Bg5f7,Bf7h6][%mdl 32]} ({Weaker is} 30. Qh6 Rg3 $16) 30... Bg7 31. Ne4 Re5 32. Rdg1 {aiming for Ng5.} Kf8 33. Ng5 {[%cal Og5f7] Nxf7! is the strong threat.} Re3 $2 (33... Ra6 34. Bxa6 bxa6) 34. Qh7 Ra6 {[#]} (34... Rxd3 $142 35. cxd3 Rc8) 35. Nxf7 $1 {[%mdl 512]} Rxd3 (35... Qxf7 36. Bxa6) 36. Nh6 Qc4 37. cxd3 Qb3 38. Rh5 {Threatening mate with Rb5.} Rc6 39. Rf5+ (39. Rxa5 $142 Ra6 40. Rxa6 Qxd3+ 41. Ka1 Qxa6 42. Qg8+ Ke7 43. Qxg7+ Kd8 44. Nf7+ Kc7 45. Nd6+ $1 {[%mdl 512]} Kxd6 46. Rxg6+ Kc5 47. Rxa6) 39... Bf6 {[#]} 40. Qg8+ $1 {[%mdl 512]} Qxg8 {White is clearly winning.} 41. Nxg8 Kxg8 42. Rxg6+ {[%mdl 4096] Endgame KRR-KRB} Kf7 43. Rg4 Ke6 44. Rxa5 Be5 45. Rg6+ Bf6 46. Rb5 b6 47. Ka2 Kf7 48. Rg4 {Weighted Error Value: White=0.41/Black=0.79} 1-0

[Event "MPL National Senior Chess-ch 2022"]
[Site "Kanpur"]
[Date "2022.03.02"]
[Round "9.6"]
[White "Visakh N R"]
[Black "Mitrabha, Guha"]
[Result "1/2-1/2"]
[WhiteElo "2522"]
[BlackElo "2510"]
[Annotator "TA"]
[PlyCount "75"]
[EventDate "2022.02.25"]
[EventCountry "IND"]
[SourceTitle "playchess.com"]
[Source "ChessBase"]
[SourceQuality "1"]

{[%evp 10,75,27,9,21,6,0,0,0,-7,0,-20,0,0,0,2,4,10,0,-18,6,0,23,10,19,7,8,2,16,0,39,36,50,42,47,0,27,33,45,-15,31,31,43,32,38,-12,31,14,29,24,50,43,97,43,77,29,20,22,31,31,31,31,31,31,31,-4,21,0]} 1. d4 Nf6 2. c4 e6 3. Nc3 Bb4 4. Qc2 d6 5. Nf3 O-O 6. Bd2 b6 {E32: Nimzo-Indian: Classical (4 Qc2): 4...0-0.} 7. a3 (7. e4 $5 {[%cal Re4e5]}) 7... Bxc3 8. Bxc3 Bb7 {[#] To avoid e4} 9. g3 $146 ({Predecessor:} 9. e3 Nbd7 10. Bd3 Re8 11. O-O a5 12. b4 axb4 13. axb4 Qe7 14. e4 e5 15. d5 {½-½ (53) Dragun,K (2609)-Antipov,M (2565) Abu Dhabi 2016}) 9... a5 {[%cal Ba7a5,Ba5a4][%mdl 32]} 10. b3 a4 11. b4 Nbd7 12. Bg2 Be4 13. Qd1 b5 14. c5 Qc8 15. O-O Qb7 16. Qc1 h6 17. Ne1 Bxg2 18. Nxg2 Rfe8 19. f3 d5 {To avoid e4} (19... e5 $5 {[%cal Re5e4]}) 20. Qf4 Nh5 21. Qh4 Nhf6 22. Qf4 Nh5 23. Qe3 c6 24. Nf4 (24. g4 $14 Nhf6 25. g5 hxg5 26. Qxg5) 24... Nhf6 (24... Nxf4 $11 25. Qxf4 f5) 25. Nd3 $14 Qc7 26. Kh1 Nf8 27. Qf4 (27. Rad1 $14) 27... Ra7 (27... Qxf4 $11 {feels stronger.} 28. Nxf4 N6d7) 28. Rae1 Ng6 29. Qd2 Qb8 30. e4 Nh7 ({Better is} 30... dxe4 $14 31. fxe4 Qd8) 31. Qf2 (31. e5 $16) 31... f5 {[#]} 32. exf5 (32. e5 $1 $16) 32... exf5 $11 33. Bd2 {[%cal Bc3d2,Bd2f4,Bf4d6,Bd6f8][%mdl 32]} Rae7 34. Bf4 Qc8 35. Rxe7 Rxe7 36. Bd6 Re8 37. Nf4 Nhf8 38. Bxf8 {Weighted Error Value: White=0.15 (very precise) /Black=0.13 (very precise)} 1/2-1/2

[Event "MPL National Senior Chess-ch 2022"]
[Site "Kanpur"]
[Date "2022.03.02"]
[Round "9.7"]
[White "Adhiban, B.."]
[Black "Shyaamnikhil P"]
[Result "1/2-1/2"]
[WhiteElo "2648"]
[BlackElo "2442"]
[Annotator "TA"]
[PlyCount "73"]
[EventDate "2022.02.25"]
[EventCountry "IND"]
[SourceTitle "playchess.com"]
[Source "ChessBase"]
[SourceQuality "1"]

{[%evp 10,73,-7,-24,10,10,20,0,0,-14,0,-5,37,-20,-12,-10,0,0,0,-66,-8,-22,-24,-37,-31,-31,-35,-27,-9,-13,5,8,6,13,17,9,23,20,27,30,31,11,23,23,16,15,14,20,18,18,21,0,0,-24,-21,-33,0,0,0,0,-6,-40,-24,-27,0,0]} 1. d4 Nf6 2. c4 e6 3. Nc3 Bb4 4. f3 O-O 5. a3 Bxc3+ 6. bxc3 Nh5 {White must now prevent ...Qh4+. E27: Nimzo-Indian: Sämisch: 5...0-0 6 f3.} 7. Nh3 f5 {[%cal Bf7f5,Bf5f4][%mdl 32]} 8. Bg5 {8.e4 is the modern continuation.} Qe8 {8...Nf6 is vanishing.} 9. e4 h6 10. Be3 d6 (10... e5 $11) 11. Be2 (11. g4 $1 $14) 11... e5 $11 12. Nf2 f4 13. Bc1 Nc6 {[#]} 14. Rg1 $146 (14. a4 $1 $11) ({Predecessor:} 14. a4 Qg6 15. O-O Qf6 16. Bb2 Qg5 17. Qd2 Ne7 18. dxe5 dxe5 19. Ba3 Be6 20. Bxe7 Qxe7 21. Qb2 b6 22. a5 Rad8 23. axb6 axb6 24. Qb4 Rd6 25. c5 Rd2 {½-½ (25) Vestby Ellingsen,M (2338)-Rozentalis,E (2535) Hell 2019}) 14... g5 ({Better is} 14... b6 $15) 15. g3 Kh7 16. a4 b6 17. c5 bxc5 18. dxc5 Rf6 19. Rb1 Rb8 20. Ba3 Rxb1 21. Qxb1 dxc5 22. Bxc5 Ng7 23. g4 Ne6 24. Ba3 Nf8 25. Qb5 a6 26. Qc4 Nd7 27. a5 {Prevents Nb6.} Qe6 28. Qd5 $1 Qxd5 29. exd5 Nxa5 30. Bb4 Nb7 31. Ne4 Rb6 32. Kd2 c6 33. dxc6 Rxc6 34. Bd3 Kg7 35. Ra1 {To avoid a5} Ndc5 {[#] aiming for ...Nb3+.} 36. Bc2 {Inhibits Nb3+.} Be6 37. Nxc5 {Weighted Error Value: White=0.13 (very precise) /Black=0.11 (very precise)} 1/2-1/2

[Event "MPL National Senior Chess-ch 2022"]
[Site "Kanpur"]
[Date "2022.03.02"]
[Round "9.8"]
[White "Mohammad Nubairshah Shaikh"]
[Black "Karthikeyan, Murali"]
[Result "1/2-1/2"]
[WhiteElo "2436"]
[BlackElo "2622"]
[Annotator "TA"]
[PlyCount "166"]
[EventDate "2022.02.25"]
[EventCountry "IND"]
[SourceTitle "playchess.com"]
[Source "ChessBase"]
[SourceQuality "1"]

{[%evp 9,165,8,13,2,4,10,26,20,17,18,17,14,35,22,31,0,32,32,33,10,34,37,24,27,25,11,18,20,18,24,32,21,10,0,0,0,0,0,0,0,0,-9,16,15,14,26,26,-66,0,0,0,0,0,0,0,-47,0,0,0,0,0,-12,0,-7,0,-8,0,0,-1,-13,0,0,0,0,0,0,0,0,0,-8,-8,-8,-18,-44,0,-14,-11,-14,-11,-21,0,0,0,0,0,0,0,0,0,0,0,0,0,0,0,0,0,0,0,0,0,0,0,0,0,0,0,0,0,0,0,0,0,0,0,0,0,0,0,0,0,0,0,0,0,0,0,0,0,0,0,0,0,-70,-70,-70,-70,-70,-70,-68,0,0,0,0,0,0,0,0]} 1. d4 {ChessBase II} Nf6 2. c4 e6 3. Nc3 Bb4 4. Qc2 d6 5. Bd2 c5 6. e3 {E32: Nimzo-Indian: Classical (4 Qc2): 4...0-0.} Nc6 7. Nf3 O-O 8. a3 {White has an edge.} (8. dxc5 {is interesting.} Bxc5 9. a3 e5 10. Bd3 Bb6 11. O-O) 8... Bxc3 9. Bxc3 cxd4 10. exd4 b6 11. Bd3 d5 12. b3 {[#]} Ba6 $146 ({Predecessor:} 12... Bb7 13. O-O Rc8 14. Rfd1 Qc7 15. Rac1 Rfd8 16. Qe2 Qe7 17. Qb2 Ne4 18. Be1 Ng5 19. Nxg5 Qxg5 {1-0 (41) Kan,I-Farber,G Leningrad 1948 EXT 2011 [ChessBase II]}) 13. O-O Rc8 14. Qe2 Qc7 15. Rac1 Rfd8 16. Rfd1 Ne7 {[%cal Rd5c4]} 17. Bb2 dxc4 18. bxc4 Ng6 19. g3 {Inhibits Nf4.} Bb7 20. Ng5 Re8 21. Ne4 Nxe4 22. Bxe4 Bxe4 23. Qxe4 Qd7 24. h4 Ne7 25. h5 b5 26. d5 exd5 {[%cal Rb5c4]} 27. Qd4 {[%csl Gb2][%cal Rd4g7] [#]} f6 {[%cal Rb5c4]} 28. h6 (28. cxd5 $11 Rxc1 29. Bxc1) 28... Rxc4 ({Better is} 28... bxc4 $15 29. hxg7 Rc6 30. Rxc4 Nf5 31. Qxd5+ Qxd5 32. Rxd5 Rxc4 33. Rxf5 Re7 34. Rxf6 Rxg7) 29. Rxc4 $11 bxc4 30. Qxc4 Rd8 (30... gxh6 31. Bxf6 Qe6 32. Qd4 $11) 31. Qd3 Nc6 32. hxg7 (32. Rc1 $11 {should be considered.}) 32... Ne5 ({Much less strong is} 32... Qxg7 33. Qb5 (33. Qf3 Qg5 $14) 33... Qg4 34. Rxd5 $16) (32... d4 $15) 33. Qe2 Qf5 {[%cal Od5d4]} 34. Bxe5 fxe5 {[%mdl 4096] Endgame KQR-KQR} 35. Qa6 Qf7 ({Don't do} 35... Qg4 36. Re1 $14) 36. Qh6 Qg6 37. Qh1 Kxg7 38. Qh4 Qf6 {...Qxh4 is the strong threat.} 39. Qa4 Qe7 40. Qa5 d4 41. Re1 Re8 42. Qd5 Qe6 43. Qe4 Re7 44. Rc1 Qg6 45. Qd5 Qf5 46. Qd6 Qf6 (46... Rf7 $15 47. f4 exf4 48. Qxd4+ Qf6 49. Qxf6+ Kxf6 50. gxf4 Kf5) 47. Rc6 Rf7 48. Qxf6+ Rxf6 {KR-KR} 49. Rc5 Rd6 {[#] Threatens to win with ...d3.} 50. Rxe5 d3 51. Re1 Kf6 (51... d2 $5 52. Rd1 Ra6 $11) 52. Kg2 Ra6 (52... d2 $5 53. Rd1 Rd3 $11) 53. Kf3 Rxa3 54. Rh1 Kg6 55. Ke3 Ra2 56. Rd1 Re2+ 57. Kf3 a5 58. Rxd3 Re6 59. Ra3 Ra6 60. Ke4 Kg5 61. Kd5 Kg4 62. Kc5 Rf6 63. f4 Rf5+ 64. Kb6 a4 65. Kc6 Ra5 66. Kb6 Rh5 67. Kc6 Rh3 68. Rxa4 Rxg3 69. Kd5 h5 {[%cal Bh7h5,Bh5h4,Bh4h3][%mdl 32]} 70. Ke6 Rf3 71. Ke5 h4 {Hoping for ...Rf1.} (71... Rf1 $5 {[%cal Rh5h4]} 72. Ra2 Re1+ 73. Kf6 Rg1 $11) 72. f5+ $1 Kg5 73. Ra8 $1 Rxf5+ 74. Ke4 $1 {Threatening mate with Rg8+.} Rf7 75. Rg8+ Kh5 76. Ke3 (76. Rh8+ $11 Kg4 77. Rg8+ Kh3 78. Rh8) 76... h3 $15 77. Rg3 Kh4 78. Rf3 $1 Rg7 $1 (78... h2 {leads to mate.} 79. Rxf7 Kg4 80. Rh7 Kg3 81. Rg7+ Kh4 82. Kf2 Kh3 83. Rf7) 79. Kf2 $1 Rg2+ (79... h2 $15 80. Rf8 h1=N+ 81. Ke3 Ng3) 80. Kf1 $11 {The position is equal.} Rg5 81. Rf2 Rc5 {( -> ...Kg3)} 82. Kg1 Kg3 83. Rg2+ hxg2 {Weighted Error Value: White=0.09 (flawless) /Black=0.07 (flawless)} 1/2-1/2

[Event "MPL National Senior Chess-ch 2022"]
[Site "Kanpur"]
[Date "2022.03.02"]
[Round "9.9"]
[White "Sethuraman, S.P."]
[Black "Laxman, R.R."]
[Result "1-0"]
[WhiteElo "2619"]
[BlackElo "2429"]
[Annotator "TA"]
[PlyCount "69"]
[EventDate "2022.02.25"]
[EventCountry "IND"]
[SourceTitle "playchess.com"]
[Source "ChessBase"]
[SourceQuality "1"]

{[%evp 11,69,14,18,18,15,19,97,41,37,41,34,22,52,47,57,34,63,65,66,71,91,106,109,89,115,110,145,147,148,153,157,23,81,100,86,86,84,100,99,81,131,125,130,90,84,91,169,169,177,181,173,177,193,200,270,265,272,273,495,418]} 1. e4 e5 2. Nf3 Nc6 3. Bb5 Nf6 4. d3 Bc5 5. c3 O-O 6. O-O d6 7. Re1 {C65: Ruy Lopez: Berlin Defence (3...Nf6), unusual lines and 4 0-0 Bc5.} Bd7 8. Bg5 {[#]} Ne7 $146 (8... a6 $11 {keeps the balance.} 9. Bxc6 Bxc6) ({Predecessor:} 8... h6 9. Bh4 Bb6 10. Na3 g5 11. Bg3 Bg4 12. Nc4 Nh5 13. h3 Bxf3 14. Qxf3 Nxg3 15. Qxg3 {½-½ (45) Akopian,V (2693)-Fontaine,R (2532) France 2004}) 9. Bxd7 ({White should play} 9. Bxf6 $16 {Bxd7 is the strong threat.} gxf6 10. Bxd7 Qxd7 11. d4 exd4 12. cxd4) 9... Nxd7 $14 10. d4 Bb6 11. Nbd2 f6 12. Be3 Kh8 13. Nc4 Ng6 14. a4 a6 15. Qb3 Qc8 16. Nxb6 Nxb6 17. dxe5 fxe5 {[%cal Of8f3] Threatens to win with ...Rxf3!} 18. Ng5 h6 19. Nf7+ Kh7 {[#]} 20. Nxd6 $1 {[%mdl 512] White is much more active.} cxd6 21. Qxb6 (21. Bxb6 $16 {Black must now prevent f3.} Qg4 22. Qd1) 21... Rf6 (21... Nh4 $1 $11 {remains equal.}) 22. Kh1 $1 $16 d5 23. Qb4 a5 24. Qb5 dxe4 25. Rad1 {[%cal Ba1d1,Bd1d7,Bd7b7][%mdl 32]} Raa6 (25... b6 $142) 26. Qd7 $1 Rac6 27. Qxc8 Rxc8 28. Rd7 b6 {[#]} (28... Nf4 $16 {was worth a try.}) 29. g3 $1 $18 Rc4 30. Ra1 Nf8 31. Rb7 Rcc6 {[#]} 32. Rd1 $1 Rc4 33. Rd5 (33. Rxb6 $6 Rxb6 34. Bxb6 Rxa4 $16) (33. Bxb6 $6 Rxa4 34. Be3 Kg6 $18) 33... Rxa4 34. Rxe5 (34. Rxb6 $6 Rxb6 35. Bxb6 Ra2 $16) (34. Bxb6 $6 Kg6 35. Be3 (35. Bxa5 $2 Rxf2 36. Rb6+ Kh7 $19) (35. Rxe5 Nd7 $16) 35... Rf7 36. Rd6+ Rf6 $18) 34... Ra2 $2 (34... Rd6 {might work better.} 35. Kg2 (35. Rxb6 Rd1+ 36. Kg2 Nd7 $11) (35. Bxb6 Rxb6 36. Rxb6 Nd7 $16) 35... Kg6) 35. Ree7 {Weighted Error Value: White=0.12 (very precise) /Black=0.31} 1-0

[Event "MPL National Senior Chess-ch 2022"]
[Site "Kanpur"]
[Date "2022.03.02"]
[Round "9.10"]
[White "Harshavardhan G B"]
[Black "Sengupta, Deep"]
[Result "1/2-1/2"]
[WhiteElo "2402"]
[BlackElo "2528"]
[Annotator "TA"]
[PlyCount "70"]
[EventDate "2022.02.25"]
[EventCountry "IND"]
[SourceTitle "playchess.com"]
[Source "ChessBase"]
[SourceQuality "1"]

{[%evp 9,70,14,23,-16,54,21,11,12,9,1,11,24,20,22,37,45,35,38,54,19,22,0,0,-44,-10,-29,-8,-12,-14,-13,-14,-17,-14,-14,-11,-30,-43,-42,-49,-64,-54,-55,-45,-43,-48,-46,-43,-42,-66,-73,-69,-71,0,0,0,0,0,0,0,0,0,0,6]} 1. d4 d5 2. c4 dxc4 3. e4 {[%cal Be2e4,Be4e5][%mdl 32]} Nf6 4. e5 Nd5 5. Bxc4 Bf5 6. Nc3 {D20: Queen's Gambit Accepted: 3 e3 and 3 e4.} c6 (6... Nb4 $1 $11 7. Bb3 Nd3+ 8. Kf1 Qxd4) 7. Qb3 {[%csl LRb7,LRd5][%cal Rc3d5]} e6 {[#] And now ...Nb4 would win.} 8. Bxd5 ({Don't take} 8. Qxb7 Nb6 $16) 8... cxd5 9. Qxb7 Nd7 10. Nge2 {[#]} Rb8 $146 ({Predecessor:} 10... Be7 11. O-O {½-½ (11) Sabuk,P (2393)-Maksimenko,A (2460) Szklarska Poreba 2021}) 11. Qa6 Qb6 12. Qxb6 Nxb6 13. b3 Kd7 14. Be3 Be7 15. Kd2 Rhc8 16. a3 (16. h3 $11) 16... Kd8 {[%mdl 1024] Black has compensation.} 17. Ra2 a5 18. a4 Nd7 19. Nb5 Bb4+ 20. Kd1 Bb1 {This bishop pair is nice.} 21. Rb2 Bd3 22. Bd2 {[#] Hoping for Bxb4.} Bxb5 23. axb5 Rxb5 24. Bxb4 Rxb4 25. Kd2 Nb8 26. Ra1 Nc6 27. Ra4 Rxa4 28. bxa4 $15 {[%mdl 4096] Endgame KRN-KRN} Nb4 29. Nc3 Rc4 30. Nb5 Nc6 (30... Na6 $17) 31. Rc2 $11 {The position is equal.} Rxc2+ 32. Kxc2 f6 33. f4 Ke7 34. Kd3 h5 35. g3 Nb4+ {Weighted Error Value: White=0.09 (flawless) /Black=0.09 (flawless)} 1/2-1/2

[Event "MPL National Senior Chess-ch 2022"]
[Site "Kanpur"]
[Date "2022.03.02"]
[Round "9.11"]
[White "Aronyak Ghosh"]
[Black "Gusain, Himal"]
[Result "1-0"]
[WhiteElo "2482"]
[BlackElo "2408"]
[Annotator "TA"]
[PlyCount "117"]
[EventDate "2022.02.25"]
[EventCountry "IND"]
[SourceTitle "playchess.com"]
[Source "ChessBase"]
[SourceQuality "1"]

{[%evp 9,117,-2,0,-4,4,17,13,0,10,18,12,20,31,17,23,15,22,9,16,6,37,37,48,47,49,42,54,43,58,48,54,52,48,49,152,209,210,217,216,216,216,208,216,239,246,231,228,224,224,231,245,230,213,213,210,197,300,312,394,411,418,418,354,418,411,411,408,408,419,408,408,418,595,592,590,560,434,0,408,0,414,398,764,549,467,454,1092,1065,1519,1197,29963,29958,29965,29967,29968,29969,29972,29972,29972,29973,29972,29967,29974,29975,29975,29976,29974,29977,29975,29974]} 1. d4 d5 2. Bf4 Nf6 3. e3 c5 4. Nc3 cxd4 5. exd4 a6 6. Nf3 {B13: Caro-Kann: Exchange Variation and Panov-Botvinnik Attack.} Bg4 7. h3 Bxf3 8. Qxf3 {The position is equal.} ({Of course not} 8. gxf3 Nc6 $15) 8... Nc6 9. O-O-O e6 10. g4 {[%cal Bg2g4,Bg4g5][%mdl 32]} Bd6 11. g5 {Bxd6 is the strong threat.} Bxf4+ 12. Qxf4 Nh5 13. Qe3 Qd6 14. h4 O-O-O {[#]} 15. Na4 $146 ({Predecessor:} 15. Ne2 h6 16. Bh3 hxg5 17. hxg5 g6 18. Bg4 Ng7 19. Qf4 Qxf4+ 20. Nxf4 Kc7 21. c3 {1-0 (37) Damjanovic,V (2352)-Dolsonov,A (2264) Belgrade 2020}) 15... Qf4 16. Rh3 Qxe3+ 17. Rxe3 Rd6 18. Nc5 g6 19. Rb3 Nd8 20. Rdd3 Rc6 21. Rdc3 {[%cal Oc5b7]} Ng7 {[#] White leaves nothing to chance now.} (21... Kc7 $1 $14) 22. Nxb7 $1 $16 {[%mdl 512] White is much more active.} Rxc3 23. bxc3 Nxb7 24. Bxa6 Ne8 {Hoping for ...Ned6.} 25. Rxb7 $18 {[%mdl 4096] Endgame KRB-KRN} Nc7 {[#]} 26. Rb6+ Nxa6 27. Rxa6 {aiming for Ra8+. KR-KR} Kb7 {To avoid Ra8} 28. Ra3 h6 29. c4 hxg5 30. hxg5 {Threatens to win with cxd5.} dxc4 31. Kb2 Rh5 32. f4 Rh1 (32... Rh4 {was worth a try.} 33. Rf3 Rh7) 33. Kc3 Rf1 34. Kxc4 Rxf4 35. Ra5 Rf2 36. c3 Kb6 37. Rb5+ Kc6 38. a4 {[%cal Ba2a4,Ba4a5][%mdl 32]} Ra2 39. Rc5+ Kb6 40. a5+ Kb7 (40... Ka6 $142 41. Rc7 Rf2) 41. Rb5+ Kc6 42. Rb6+ Kc7 43. Rb5 Kc6 $1 44. Rc5+ Kb7 45. Kd3 Ra1 $2 (45... Rg2 46. Ke4 Rg4+ 47. Ke3 Rh4) 46. Ke4 Re1+ 47. Kf4 Re2 (47... Ka7 $142 48. c4 Kb8) 48. c4 {[%cal Bc3c4,Bc4d5][%mdl 32]} Re1 49. d5 {Black must now prevent d6.} exd5 50. cxd5 {White mates.} Rf1+ 51. Ke5 Rf5+ 52. Kd6 Rxg5 53. Rb5+ Ka6 54. Kc6 Re5 55. Rb8 {[%cal Rb8a8]} Ka7 56. Rb7+ Ka6 57. d6 Re1 58. Rb5 Re6 59. Rd5 {Weighted Error Value: White=0.14 (very precise) /Black=0.24 (precise)} 1-0

[Event "MPL National Senior Chess-ch 2022"]
[Site "Kanpur"]
[Date "2022.03.02"]
[Round "9.12"]
[White "Ravi, Teja S."]
[Black "Sammed Jaykumar, Shete"]
[Result "1/2-1/2"]
[WhiteElo "2469"]
[BlackElo "2408"]
[Annotator "TA"]
[PlyCount "175"]
[EventDate "2022.02.25"]
[EventCountry "IND"]
[SourceTitle "playchess.com"]
[Source "ChessBase"]
[SourceQuality "1"]

{[%evp 9,175,0,0,0,0,0,-3,0,-7,0,7,-14,0,-31,-33,-43,-39,-86,33,24,25,19,51,0,1,0,0,0,0,0,-7,-10,0,0,0,0,0,0,0,-15,0,0,0,0,0,0,0,0,0,0,0,0,0,0,0,0,0,-85,-91,-72,-80,-120,-109,-127,-127,-156,-156,-130,-73,-95,-62,-62,-62,-62,-62,-62,-62,-62,-62,-62,-62,-62,-62,-62,-62,-62,-76,-76,-76,-83,-83,-83,-100,-83,-83,-83,-83,-100,-83,-100,-100,-100,-100,-100,-100,-100,-100,-100,-100,-100,0,-100,0,-100,-83,-83,-83,-83,-83,-83,-83,-83,-83,-83,-85,-85,-92,-100,-100,-100,0,-100,-100,-100,-100,-100,-100,-100,0,-93,-93,-100,-100,-100,-100,-100,-100,-100,-100,-100,-100,-100,-100,-100,-100,-100,-100,-100,-100,-100,-100,-100,-100,-100,-57,-57,-57,-57]} 1. d4 Nf6 2. Nf3 g6 3. Nc3 {[%cal Bb1c3,Bc3b5,Bb5a3,Ba3c4,Bc4e5][%mdl 32]} d5 4. Bf4 Bg7 5. Nb5 Na6 6. e3 {D00: 1 d4 d5: Unusual lines.} O-O {6...0-0 is better than 6...c6.} 7. h3 Ne4 8. Nd2 {The position is equal.} Nxd2 9. Qxd2 c6 {[%cal Bc7c6,Bc6c5,Bc5d4][%mdl 32]} 10. Na3 {[#]} Qb6 $146 ({Predecessor:} 10... b6 11. c3 Re8 12. Nc2 e5 13. dxe5 Nc5 14. Nd4 Bb7 15. Nf3 Nd7 16. Be2 Nxe5 17. Nxe5 Bxe5 18. Bxe5 Rxe5 {½-½ (28) Gounant,S (2100)-Bakhmatov,A (2200) FICGS email 2018}) 11. c4 c5 12. cxd5 cxd4 13. e4 (13. Nc4 $15 {deserves consideration.} Qc5 14. d6) 13... Bd7 (13... e6 $17 {Strongly threatening ...exd5.} 14. Nc4 Qd8) 14. Nc4 $14 Qc5 15. Ne5 Bb5 16. Rc1 (16. Bxb5 $1 $14 Qxb5 17. a4) 16... Qb6 $11 17. Nc4 Bxc4 18. Bxc4 Nc5 19. e5 Nd7 $1 ({Don't do} 19... Ne4 20. Qd3 Qb4+ 21. Kf1 $14) 20. Qe2 d3 21. Bxd3 {[%cal Bc4d3,Bd3e4,Be4b7][%mdl 32]} Qd4 22. Rc4 Qxd5 {[%cal Rd7e5]} 23. Be4 Qb5 24. a4 Qa5+ 25. b4 Qxa4 26. Bxb7 Nb6 27. Bxa8 {[#] Hoping for Bc6. This bishop pair is nice.} Nxc4 28. Qxc4 Qa1+ 29. Qc1 Qxc1+ 30. Bxc1 Rxa8 {[%mdl 4096] Endgame KRB-KRB} 31. f4 $1 Rb8 32. Bd2 g5 33. g3 (33. fxg5 $11 {keeps the balance.} Bxe5 34. Kf2) 33... gxf4 34. gxf4 a5 $1 {[%cal Ba7a5,Ba5b4,Bb4b3][%mdl 32]} 35. Ke2 axb4 36. Rb1 b3 37. Bc3 e6 38. Kd3 {[#]} h5 ({Black should try} 38... Bh6 $1 39. Bb2 Kf8) 39. Kc4 $17 Bh6 40. f5 $1 exf5 {aiming for ...f4.} 41. Rxb3 Rxb3 42. Kxb3 $15 {KB-KB} Kh7 43. Kc4 Kg6 44. Kd3 $1 Bf4 45. Ke2 Kg5 46. Kf3 {[%cal Oh3h4] Intending h4+! and mate.} Bc1 47. Be1 f4 48. Ke4 Be3 49. Kf3 Kf5 50. Bc3 Bc1 51. Bd4 Bd2 52. Bb2 Kg5 53. Kg2 Ba5 54. Bd4 Kf5 55. Kf3 Bc7 56. Bc5 Bxe5 57. Be7 Bc7 58. Bh4 Ba5 59. Be7 Bc7 60. Bh4 $1 Be5 61. Be7 $1 f6 {...Kg5 is the strong threat.} 62. Bb4 Kg5 63. Kg2 Bd4 64. Bd2 Be3 65. Bc3 Bb6 66. Bd2 Bd4 ({Stronger than} 66... Be3 67. Bc3 $17) 67. Bb4 Kf5 {And now ...Ke4 would win.} 68. Kf3 Bg1 69. Kg2 Bd4 {White must now prevent ...Ke4.} 70. Kf3 Be5 71. Bd2 Ke6 72. Bc1 Kd5 73. Ba3 Ke6 74. Bc1 $1 Kd6 75. Ba3+ Kd5 76. Bb4 Ke6 77. Bd2 Kf7 78. Bb4 Bc7 79. Bd2 Ke6 80. Bb4 Kd5 81. Be7 Ke5 82. Bb4 Bb6 83. Bc3+ Bd4 84. Bd2 Be3 $1 85. Bc3+ Ke6 86. Ke4 f5+ ({Black should play} 86... Kf7 $17 87. h4 Kg6) 87. Kf3 Kd5 88. Ba5 {Weighted Error Value: White=0.08 (flawless) /Black=0.11 (very precise)} 1/2-1/2